Future trends in microelectronics from nanophonics to sensors and energy (Record no. 11031)
[ view plain ]
| 000 -LEADER | |
|---|---|
| fixed length control field | 00426 a2200157 4500 |
| 020 ## - INTERNATIONAL STANDARD BOOK NUMBER | |
| International Standard Book Number | 9780470551370 |
| 082 ## - DEWEY DECIMAL CLASSIFICATION NUMBER | |
| Classification number | 681.381 |
| 090 ## - LOCALLY ASSIGNED LC-TYPE CALL NUMBER (OCLC); LOCAL CALL NUMBER (RLIN) | |
| -- | 7228 |
| -- | 7228 |
| 100 ## - MAIN ENTRY--PERSONAL NAME | |
| Personal name | Luryi, Serge |
| 245 ## - TITLE STATEMENT | |
| Title | Future trends in microelectronics from nanophonics to sensors and energy |
| Statement of responsibility, etc. | Serge Luryi |
| 260 ## - PUBLICATION, DISTRIBUTION, ETC. | |
| Place of publication, distribution, etc. | New Jersey |
| Name of publisher, distributor, etc. | John Wiley |
| Date of publication, distribution, etc. | 2010 |
| 300 ## - PHYSICAL DESCRIPTION | |
| Extent | 431 p. |
| 650 ## - SUBJECT ADDED ENTRY--TOPICAL TERM | |
| Topical term or geographic name entry element | Microelectronics |
| 700 ## - ADDED ENTRY--PERSONAL NAME | |
| Personal name | Serge Luryi |
| 942 ## - ADDED ENTRY ELEMENTS (KOHA) | |
| Koha item type | Book |
| Call number prefix | 621.381 LUR |
| Withdrawn status | Lost status | Damaged status | Not for loan | Collection code | Permanent Location | Current Location | Shelving location | Date acquired | Source of acquisition | Cost, normal purchase price | Total Checkouts | Full call number | Barcode | Date last seen | Date last checked out | Price effective from | Koha item type |
|---|---|---|---|---|---|---|---|---|---|---|---|---|---|---|---|---|---|
| Central Library (CL) | Central Library (CL) | General Stacks | 07/13/2012 | A&J DEF TEK Consultants | 7800.00 | 10 | 621.381 LUR | SEECS011425 | 09/28/2019 | 09/28/2019 | 01/05/2017 | Book |
